000 01590nam a22003257a 4500
999 _c23440
_d23440
003 AR-CdUCM
008 260112b2022 pe ||||| |||| 00| 0 spa d
020 _a978-612-48420-1-6
040 _aMUNICIPALIDAD PROVINCIAL DEL CUSCO
_cBIBLIOTECA MUNICIPAL DEL CUSCO
041 _hspa
082 _22da. edición
_a985.061 /
_bC23
100 _aCalero Flores, Jorge A.
_950733
110 _aMunicipalidad Distrital de San Sebastián
_95545
245 _aLa Casa del Patrón :
_bDocumentos para la historia de la Iglesia de San Sebastián /
260 _aSan Sebastián - Cusco
_bMunicipalidad Distrital de San Sebastián.
_c2022
300 _a263 páginas. :
_c17 x 23cm.
500 _zPáginas 262 - 263
505 _aCapítulo I: Tiempos prehispánicos -- II: La Batalla de las Salinas y la Capilla de los Mártires -- III: La creación de la Parroquia de San Sebastián -- IV: El Virrey Francisco Álvarez de Toledo -- V: Patrón jurado de la ciudad de Cuzco -- VI: Los caciques -- VII: Testamento del sacerdote Lázaro de Balencia -- VIII: Marcos de madera y pintura de don Diego Quispe Tito -- IX: Robos sacrílegos a la iglesia del Patrón....
650 _aMovimientos de tropas
_951972
650 _aDesplazamientos de ejércitos
_951973
650 _aVisita de 1572
_951974
650 _aOrdenanza de 1578
_951975
650 _aLa Provisión
_951976
650 _aFondo Documental
_951967
650 _aCarta anónima
_951977
650 _aRetablo mayor del templo
_951978
856 _fwww.munisansebastian.gob.pe/
942 _2ddc
_cLIBROS
945 _ajmcs
_d31/12/2025